Catálogo

Canción de navidad / (Registro nro. 69159)

Detalles MARC
000 -LEADER
fixed length control field 01178aam a2200337 i 4500
001 - CONTROL NUMBER
control field 69159
003 - CONTROL NUMBER IDENTIFIER
control field Mx-PuUPA
005 - DATE AND TIME OF LATEST TRANSACTION
control field 20240410104311.0
008 - FIXED-LENGTH DATA ELEMENTS--GENERAL INFORMATION
fixed length control field 201126s2018 it a|||gr|||| 00| 0 spa d
020 ## - INTERNATIONAL STANDARD BOOK NUMBER
International Standard Book Number 978417127268
040 ## - CATALOGING SOURCE
Original cataloging agency Mx-PuUPA
Language of cataloging spa
Transcribing agency Mx-PuUPA
Modifying agency Mx-PuUPA
Description conventions rda
041 1# - LANGUAGE CODE
Language code of text/sound track or separate title spa
Language code of original eng
100 1# - MAIN ENTRY--PERSONAL NAME
Personal name Dickens, Charles,
Dates associated with a name 1812-1870
Relator term autor
9 (RLIN) 4591
240 10 - UNIFORM TITLE
Uniform title A christmas carol.
Language of a work Español
245 10 - TITLE STATEMENT
Title Canción de navidad /
Statement of responsibility, etc. Charles Dickens ; traducción, Agnès Iranzu
250 ## - EDITION STATEMENT
Edition statement Primera edición
264 #4 - PRODUCTION, PUBLICATION, DISTRIBUTION, MANUFACTURE, AND COPYRIGHT NOTICE
Place of production, publication, distribution, manufacture Milano :
Name of producer, publisher, distributor, manufacturer Gribaudo - if - Idee Editoriali Feltrinelli srl,
Date of production, publication, distribution, manufacture, or copyright notice 2018
300 ## - PHYSICAL DESCRIPTION
Extent 125 páginas :
Other physical details ilustraciones ;
Dimensions 20 cm
336 ## - CONTENT TYPE
Fuente rdacontent
Content type term texto
Content type code txt
337 ## - MEDIA TYPE
Source rdamedia
Media type term sin medio
Media type code n
338 ## - CARRIER TYPE
Source rdacarrier
Carrier type term volumen
Carrier type code nc
490 0# - SERIES STATEMENT
Series statement Gribaudo. Texto íntegro
650 #4 - SUBJECT ADDED ENTRY--TOPICAL TERM
Topical term or geographic name entry element Cuentos de navidad
Form subdivision Novela
655 #4 - INDEX TERM--GENRE/FORM
Genre/form data or focus term Novela inglesa
700 1# - ADDED ENTRY--PERSONAL NAME
Personal name Iranzu, Agnès,
Relator term traductor
765 08 - ORIGINAL LANGUAGE ENTRY
Main entry heading Dickens, Charles, 1812-1870
Title A christmas carol.
942 ## - ADDED ENTRY ELEMENTS (KOHA)
Source of classification or shelving scheme Dewey Decimal Classification
Koha item type Libro
Classification part 823.84
Item part D5452
Existencias
Withdrawn status Lost status Source of classification or shelving scheme Damaged status Not for loan Collection code Home library Current library Shelving location Date acquired Source of acquisition Cost, normal purchase price Total Checkouts Full call number Barcode Date last seen Cost, replacement price Price effective from Koha item type
    Dewey Decimal Classification     Infantil Biblioteca Karol Wojtyla Biblioteca Karol Wojtyla Área de silencio 09/08/2021 1 315.00   823.84 D5452 2018 101747 03/06/2026 315.00 09/08/2021 Libro infantil